Mikrofónové rameno s poludníkovou dráhou meracieho mikrofónu

Guardado en:
Detalles Bibliográficos
Autor principal: Bízik, Petr (Autor)
Otros Autores: Kubinec, Peter, 1966- (Orientador)
Formato: Manuscrito Libro
Lenguaje:eslovaco
Publicado: Bratislava : STU v Bratislave FEI, 2006
Materias:
Etiquetas: Agregar Etiqueta
Sin Etiquetas, Sea el primero en etiquetar este registro!

MARC

LEADER 00000ntm a22000003a 4500
001 stu137603
005 20160719165025.8
008 070205s2006----xo------------------slo-d
040 |a STU  |b slo 
041 0 |a slo 
044 |a xo 
100 1 |a Bízik, Petr  |4 aut 
245 1 |a Mikrofónové rameno s poludníkovou dráhou meracieho mikrofónu 
260 |a Bratislava :  |b STU v Bratislave FEI,  |c 2006 
300 |a 64 s 
650 7 |a elektronika  |2 stusub 
650 7 |a mikrofóny  |2 stusub 
700 1 |a Kubinec, Peter,  |d 1966-  |4 ths  |u E030  |U FEI Fakulta elektrotechniky a informatiky  |T FEI Ústav elektroniky a fotoniky  |X 2052  |U E030  |Y 549  |7 A000002052